|
|
|
|
| LEADER |
00000naa2a2200000 4500 |
| 001 |
234191 |
| 005 |
20260121131159.0 |
| 035 |
|
|
|a (RuTPU)RU\TPU\book\255300
|
| 035 |
|
|
|a RU\TPU\tpu\1928
|
| 090 |
|
|
|a 234191
|
| 100 |
|
|
|a 20130319d1938 k y0rusy50 ca
|
| 101 |
0 |
|
|a rus
|
| 102 |
|
|
|a RU
|
| 200 |
1 |
|
|a Новые месторождения осадочных сидеритовых железных руд из юрских отложений Западной Сибири
|f А. Р. Ананьев, Д. А. Васильев, И. В. Лебедев
|
| 320 |
|
|
|a Библиогр.: 24 назв.
|
| 461 |
|
1 |
|0 (RuTPU)RU\TPU\book\32107
|t Вестник Западно-Сибирского геологического треста
|f Западно-Сибирский геологический трест
|d 1931-
|
| 463 |
|
1 |
|0 (RuTPU)RU\TPU\book\253033
|t Вып. 3
|f гл. ред. Б. А. Рыбьев
|v С. 25-32
|d 1938
|
| 610 |
1 |
|
|a геолого-географические науки
|
| 610 |
1 |
|
|a труды учёных ТПУ
|
| 700 |
|
1 |
|a Ананьев
|b А. Р.
|
| 701 |
|
1 |
|a Васильев
|b Д. А.
|
| 701 |
|
1 |
|a Лебедев
|b И. В.
|c российский ученый, геолог
|c профессор кафедры горючих ископаемых Томского политехнического университета
|f 1909-2002
|g Иван Викторович
|3 (RuTPU)RU\TPU\pers\19831
|
| 801 |
|
0 |
|a RU
|b 63413507
|c 20011210
|g PSBO
|
| 801 |
|
2 |
|a RU
|b 63413507
|c 20130319
|g PSBO
|
| 942 |
|
|
|c BK
|